Veracruz: (Registro nro. 13417)

Detalles MARC
000 -LEADER
fixed length control field 00730nam a22002417a 4500
003 - CONTROL NUMBER IDENTIFIER
control field DO-SdBNP
005 - DATE AND TIME OF LATEST TRANSACTION
control field 20220303110132.0
008 - FIXED-LENGTH DATA ELEMENTS--GENERAL INFORMATION
fixed length control field 210218b 20uu xx || 00| 0 spa d
040 ## - CATALOGING SOURCE
Original cataloging agency BPMSU
Language of cataloging spa
Transcribing agency BPMSU
082 ## - DEWEY DECIMAL CLASSIFICATION NUMBER
Classification number 972
Item number R173v
Edition number 22
100 ## - MAIN ENTRY--PERSONAL NAME
Personal name Ramírez Morales, Alejandro,
Dates associated with a name 1972--
245 10 - TITLE STATEMENT
Title Veracruz:
Remainder of title joya de América, pasión y orgullo de México /
Statement of responsibility, etc. Alejandro Ramírez Morales.
260 ## - PUBLICATION, DISTRIBUTION, ETC. (IMPRINT)
Place of publication, distribution, etc. [s. l] :
Date of publication, distribution, etc. [200-?]
300 ## - PHYSICAL DESCRIPTION
Extent 479 p. :
Other physical details ils., retrs ;
Dimensions 24 cm.
490 1# - SERIES STATEMENT
Series statement
500 ## - GENERAL NOTE
Materials specified
504 ## - BIBLIOGRAPHY, ETC. NOTE
Bibliography, etc Bibliografía : p. 463-479
590 ## - LOCAL NOTE (RLIN)
Linkage (RLIN) Inventariado 2021/VM
651 #4 - SUBJECT ADDED ENTRY--GEOGRAPHIC NAME
Geographic name Veracruz (México)
General subdivision Historia
651 #4 - SUBJECT ADDED ENTRY--GEOGRAPHIC NAME
Geographic name Veracruz (México)
General subdivision Vida social y costumbres.
910 ## - USER-OPTION DATA (OCLC)
User-option data VMateo
942 ## - ADDED ENTRY ELEMENTS (KOHA)
Source of classification or shelving scheme Dewey Decimal Classification
Koha item type Libros
Existencias
Withdrawn status Lost status Source of classification or shelving scheme Damaged status Not for loan Collection code Home library Current library Date acquired Source of acquisition Full call number Barcode Date last seen Price effective from Koha item type Copy number Total Checkouts
    Dewey Decimal Classification     Colección General Biblioteca Pública Metropolitana Salomé Ureña Biblioteca Pública Metropolitana Salomé Ureña 04/13/2021 BNPHU BPMSU CG 972 R173V BPMSU21040009 04/13/2021 04/13/2021 Libros    
    Dewey Decimal Classification     Colección General Biblioteca Pública Metropolitana Salomé Ureña Biblioteca Pública Metropolitana Salomé Ureña 04/13/2021 BNPHU BPMSU CG 972 R173V BPMSU21040010 04/13/2021 04/13/2021 Libros e.2  
    Dewey Decimal Classification     Colección General Biblioteca Pública Metropolitana Salomé Ureña Biblioteca Pública Metropolitana Salomé Ureña 04/13/2021 Autor BPMSU CG 972 R173V BPMSU25100114 10/28/2025 04/13/2021 Libros e.3